Famous Irish People by Picture - Statistics

General Stats
  • This quiz has been taken 193 times
  • The average score is 9 of 16
Answer Stats
Picture Hint Answer % Correct
1960– Bono
84%
1976– Cillian Murphy
80%
1966–2023 Sinéad O'Connor
79%
1854–1900 Oscar Wilde
77%
1952– Liam Neeson
75%
1988– Conor McGregor
71%
1953– Pierce Brosnan
70%
1946–2005 George Best
58%
1882–1941 James Joyce
54%
1976– Colin Farrell
52%
1963– Graham Norton
52%
1971– Roy Keane
46%
1961– Enya
37%
1856–1950 George Bernard Shaw
22%
1847–1912 Bram Stoker
19%
1979– Brian O'Driscoll
16%
No matching quizzes found
Score Distribution
Percent of People with Each Score
Percentile by Number Answered
Your Score History
You have not taken this quiz